000 00250nam a2200097Ia 4500
008 120527s9999 xx 000 0 und d
100 _aRebecca, B.Rubin. Et al
245 _aCommunication research strategies
260 _bEducational pub.
942 _cBK
999 _c25415
_d25415